MARC

LEADER 00000nam0a2200000 4500
001 299289
005 20231102001205.0
020 |a RU  |b 82-91015 
035 |a (RuTPU)RU\TPU\book\324441 
090 |a 299289 
100 |a 20150626d1982 k y0rusy5003 ca 
101 0 |a rus 
102 |a UA 
105 |a a z 001zy 
200 1 |a Полные решетки конформно-инвариантных компактификаций области  |f О. В. Иванов, Г. Д. Суворов  |g Академия наук Украинской ССР (АН УССР), Институт прикладной математики и механики 
210 |a Киев  |c Наукова думка  |d 1982 
215 |a 199 с.  |c граф. 
320 |a Библиогр.: с. 193-195 
606 1 |a Решетки  |x (математика)  |2 stltpush  |3 (RuTPU)RU\TPU\subj\53518  |9 71723 
610 1 |a множества 
610 1 |a конформные отображения 
610 1 |a устойчивость 
610 1 |a топология 
675 |a 512.56  |z rus  |v 4 
700 1 |a Иванов  |b О. В.  |g Олег Владимирович 
701 1 |a Суворов  |b Г. Д.  |g Георгий Дмитриевич 
712 0 2 |a Академия наук Украинской ССР (АН УССР)  |b Институт прикладной математики и механики  |c (Донецк)  |2 stltpush  |3 (RuTPU)RU\TPU\col\14125 
801 0 |a RU  |b RuMRKP  |c 19950704  |g psbo 
801 1 |a RU  |b 63413507  |c 20150626 
801 2 |a RU  |b 63413507  |c 20170801  |g RCR 
942 |c BK